000 00330 a2200157 4500
001 160360
020 _a
040 _cMagnum
100 _aTelles, Carlos Queiroz
240 1 0 _aTem bicho no parquinho
_lpor
245 1 0 _aTem bicho no parquinho
362 0 _a1899
440 1 _aScipione
697 _aI/ANIMAIS
942 _cBK
999 _c160360
_d160360